00615nam a2200133Ia 4500008004100000020001800041245012500059260002200184650001500206650012400221856004400345999001900389952007300408171212s9999 xx 000 0 und d a9781925021332 ceditor Rappert, Brian;Selgelid, Michael J.aOn the Dual Uses of Science and EthicsbPrinciples, Practices, and Prospects bANU E Pressc2013 aPhilosophy aScience and civilization -- Moral and ethical aspects; Science -- Moral and ethical aspects; Science and the humanities uhttp://www.jstor.org/stable/j.ctt5hgz15 c351235d351235 001040aCLbCLd2017-12-12l0r2017-12-12 00:00:00w2017-12-12yCBE